|
|
|
|
| LEADER |
00000naa2a2200000 4500 |
| 001 |
148097 |
| 005 |
20231031145314.0 |
| 035 |
|
|
|a (RuTPU)RU\TPU\book\160530
|
| 090 |
|
|
|a 148097
|
| 100 |
|
|
|a 20081126d2008 k y0rusy50 ca
|
| 101 |
0 |
|
|a rus
|
| 102 |
|
|
|a RU
|
| 200 |
1 |
|
|a Условия работы батарей статических конденсаторов при несинусоидальных напряжениях и токах
|f А. В. Оглезнев, Н. А. Втюрин
|g науч. рук. Н. Н. Харлов
|
| 461 |
|
1 |
|0 (RuTPU)RU\TPU\book\156858
|t Современные техника и технологии
|o 14 Международная научно-практическая конференция студентов, аспирантов и молодых ученых, г. Томск, 24-28 марта 2008 г.
|o труды
|o в 3 т.
|f Томский политехнический университет (ТПУ)
|d 2008
|
| 463 |
|
0 |
|0 (RuTPU)RU\TPU\book\155176
|t Т. 1
|v С. 76-78
|d 2008
|p 538 с.
|
| 610 |
1 |
|
|a конденсаторы
|
| 610 |
1 |
|
|a несинусоидальные напряжения
|
| 610 |
1 |
|
|a асинхронные двигатели
|
| 610 |
1 |
|
|a нефтепромыслы
|
| 610 |
1 |
|
|a электродвигатели
|
| 610 |
1 |
|
|a реактивная мощность
|
| 610 |
1 |
|
|a вентильные выпрямители
|
| 610 |
1 |
|
|a конденсаторные батареи
|
| 610 |
1 |
|
|a выпрямители
|
| 610 |
1 |
|
|a осциллограммы
|
| 610 |
1 |
|
|a труды учёных ТПУ
|
| 700 |
|
1 |
|a Оглезнев
|b А. В.
|c специалист в области электротехники
|c начальник отдела Томского политехнического университета
|f 1984-
|g Антон Васильевич
|2 stltpush
|3 (RuTPU)RU\TPU\pers\36139
|
| 701 |
|
1 |
|a Втюрин
|b Н. А.
|
| 702 |
|
1 |
|a Харлов
|b Н. Н.
|4 727
|
| 801 |
|
1 |
|a RU
|b 63413507
|c 20081126
|g PSBO
|
| 801 |
|
2 |
|a RU
|b 63413507
|c 20160205
|g RCR
|
| 942 |
|
|
|c BK
|